Super Mario Galaxy - Elenco delle galassie - Statistics

Statistiche generali
  • Questo quiz è stato fatto 24 volte
  • Il punteggio medio è 21 su 42
Statistiche sulle risposte
Hint Risposta % Corretto
Terrazza Mirastelle Galassia Uovo
100%
Cucina Galassia Atollo
86%
Bagno Galassia Polvere di Stelle
86%
Galassia Sfida Bolla
86%
Varco delle Sfide Galassia Sfida Sfera
86%
Galassia Dolceape
71%
Camera da letto Galassia Giardin Ventoso
71%
Galassia Sfida Surfing
71%
Galassia Spettro
71%
Stanza dei Bimbi Galassia Varco Celestiale
71%
Galassia Vulcano Ghiacciato
71%
Galassia Adieu
57%
Galassia Balocco
57%
Sala Motori Galassia Bosco Autunnale
57%
Galassia Golosona
57%
Attico Galassia Grotta Sotterranea
57%
Galassia Larva Elastica
57%
Galassia Osso Duro
57%
Galassia Passo Falso
57%
Galassia Bolla-Mania
43%
Galassia Capsula Gelata
43%
Galassia Circuito Oceanico
43%
Galassia Gran Finale
43%
Galassia Lacrima
43%
Galassia Megaroccia
43%
Galassia Piattaforma
43%
Galassia Sabbie Mobili
43%
Galassia Sfera-Mania
43%
Galassia Surfing-Mania
43%
Sistema Stellare di Bowser
43%
Flotta Navale di Bowser Jr.
29%
Galassia Cerchio Misterioso
29%
Galassia di Re Skelopesce
29%
Galassia Dolce Arrampicata
29%
Galassia Pannello Alternato
29%
Mondo Torrido di Bowser Jr.
29%
Centro dell'Universo Regno Galattico di Bowser
29%
Galassia Granello di Sabbia
14%
Galassia Razzo Flotta
14%
Galassia Tunnel Marino
14%
Materia Oscura di Bowser
14%
Robo-Impianto di Bowser Jr.
14%
Nessun quiz corrispondente trovato
Distribuzione punteggi
Percentuale di utenti per punteggio
Percentile per numero di risposta
I tuoi punteggi nel tempo
Non hai fatto questo quiz